<?xml version="1.0" encoding="UTF-8"?>
<record
    xmlns:xsi="http://www.w3.org/2001/XMLSchema-instance"
    xsi:schemaLocation="http://www.loc.gov/MARC21/slim http://www.loc.gov/standards/marcxml/schema/MARC21slim.xsd"
    xmlns="http://www.loc.gov/MARC21/slim">

  <leader>00506nam a22001577a 4500</leader>
  <controlfield tag="008">260429b        |||||||| |||| 00| 0 eng d</controlfield>
  <datafield tag="040" ind1=" " ind2=" ">
    <subfield code="a">CUZ</subfield>
    <subfield code="b">eng</subfield>
    <subfield code="c">CUZ</subfield>
    <subfield code="d">rda</subfield>
    <subfield code="e">CUZ</subfield>
  </datafield>
  <datafield tag="050" ind1=" " ind2=" ">
    <subfield code="a">HG4026.H6693HOR</subfield>
  </datafield>
  <datafield tag="100" ind1=" " ind2=" ">
    <subfield code="a">James C. Van Horne</subfield>
  </datafield>
  <datafield tag="245" ind1=" " ind2=" ">
    <subfield code="a">Fundamentals of finacial management</subfield>
    <subfield code="c">by James C. Van Horne</subfield>
  </datafield>
  <datafield tag="264" ind1=" " ind2=" ">
    <subfield code="a">London</subfield>
    <subfield code="b">PHL Learning private limited</subfield>
    <subfield code="c">@ 2009</subfield>
  </datafield>
  <datafield tag="336" ind1=" " ind2=" ">
    <subfield code="a">text</subfield>
    <subfield code="b">txt</subfield>
  </datafield>
  <datafield tag="337" ind1=" " ind2=" ">
    <subfield code="a">unmediated</subfield>
    <subfield code="b">n</subfield>
  </datafield>
  <datafield tag="338" ind1=" " ind2=" ">
    <subfield code="2">rdacarrier</subfield>
  </datafield>
  <datafield tag="942" ind1=" " ind2=" ">
    <subfield code="c">OS</subfield>
    <subfield code="i">4026.H6693HOR</subfield>
    <subfield code="k">HG</subfield>
  </datafield>
  <datafield tag="999" ind1=" " ind2=" ">
    <subfield code="c">45604</subfield>
    <subfield code="d">45604</subfield>
  </datafield>
  <datafield tag="952" ind1=" " ind2=" ">
    <subfield code="0">0</subfield>
    <subfield code="1">0</subfield>
    <subfield code="2">lcc</subfield>
    <subfield code="4">0</subfield>
    <subfield code="7">0</subfield>
    <subfield code="a">HRE</subfield>
    <subfield code="b">HRE</subfield>
    <subfield code="c">GEN</subfield>
    <subfield code="d">2016-03-15</subfield>
    <subfield code="f">Donation</subfield>
    <subfield code="g">39.13</subfield>
    <subfield code="i">CUM00207</subfield>
    <subfield code="l">0</subfield>
    <subfield code="o">HG4026.H6693HOR</subfield>
    <subfield code="p">BK011217</subfield>
    <subfield code="r">2026-04-29</subfield>
    <subfield code="v">39.13</subfield>
    <subfield code="w">2026-04-29</subfield>
    <subfield code="y">OS</subfield>
  </datafield>
  <datafield tag="952" ind1=" " ind2=" ">
    <subfield code="0">0</subfield>
    <subfield code="1">0</subfield>
    <subfield code="2">lcc</subfield>
    <subfield code="4">0</subfield>
    <subfield code="7">0</subfield>
    <subfield code="a">HRE</subfield>
    <subfield code="b">HRE</subfield>
    <subfield code="c">GEN</subfield>
    <subfield code="d">2016-03-15</subfield>
    <subfield code="f">Donation</subfield>
    <subfield code="g">39.13</subfield>
    <subfield code="i">CUM00208</subfield>
    <subfield code="l">0</subfield>
    <subfield code="o">HG4026.H6693HOR</subfield>
    <subfield code="p">BK011218</subfield>
    <subfield code="r">2026-04-29</subfield>
    <subfield code="v">39.13</subfield>
    <subfield code="w">2026-04-29</subfield>
    <subfield code="y">OS</subfield>
  </datafield>
</record>
